Exotic retreats : (Record no. 181654)
[ view plain ]
| 000 -LEADER | |
|---|---|
| fixed length control field | 00750cam a2200217 a 4500 |
| 001 - CONTROL NUMBER | |
| control field | vtls003142527 |
| 003 - CONTROL NUMBER IDENTIFIER | |
| control field | MY-SjTCS |
| 005 - DATE AND TIME OF LATEST TRANSACTION | |
| control field | 20200226121352.0 |
| 008 - FIXED-LENGTH DATA ELEMENTS--GENERAL INFORMATION | |
| fixed length control field | 110218s2005 si ab 001 0 eng d |
| 020 ## - INTERNATIONAL STANDARD BOOK NUMBER | |
| International Standard Book Number | 9812452478 (hbk.) |
| 039 #9 - LEVEL OF BIBLIOGRAPHIC CONTROL AND CODING DETAIL [OBSOLETE] | |
| Level of rules in bibliographic description | 201102181646 |
| Level of effort used to assign nonsubject heading access points | VLOAD |
| Level of effort used to assign subject headings | 201002041923 |
| Level of effort used to assign classification | shuhada |
| Level of effort used to assign subject headings | 201001281557 |
| Level of effort used to assign classification | siew_eng |
| Level of effort used to assign subject headings | 201001281552 |
| Level of effort used to assign classification | siew_eng |
| -- | 200905201350 |
| -- | malathy |
| 082 04 - DEWEY DECIMAL CLASSIFICATION NUMBER | |
| Classification number | 338.4791 |
| Item number | FAI |
| 100 1# - MAIN ENTRY--PERSONAL NAME | |
| Personal name | Faiers, Julia. |
| 9 (RLIN) | 33836 |
| 245 10 - TITLE STATEMENT | |
| Title | Exotic retreats : |
| Remainder of title | eco resort design from barefoot sophistication to luxury pad / |
| Statement of responsibility, etc. | Julia Faiers. |
| 260 ## - PUBLICATION, DISTRIBUTION, ETC. | |
| Place of publication, distribution, etc. | Singapore : |
| Name of publisher, distributor, etc. | Page One, |
| Date of publication, distribution, etc. | c2005. |
| 300 ## - PHYSICAL DESCRIPTION | |
| Extent | 160 p. : |
| Other physical details | col. ill., maps ; |
| Dimensions | 24 x 28 cm. |
| 500 ## - GENERAL NOTE | |
| General note | Includes index. |
| 650 #0 - SUBJECT ADDED ENTRY--TOPICAL TERM | |
| Topical term or geographic name entry element | Ecotourism. |
| 650 #0 - SUBJECT ADDED ENTRY--TOPICAL TERM | |
| Topical term or geographic name entry element | Resorts. |
| 920 ## - Programme | |
| Programme | TCHT : 129389 |
| Withdrawn status | Lost status | Source of classification or shelving scheme | Damaged status | Not for loan | Home library | Current library | Date acquired | Cost, normal purchase price | Total Checkouts | Barcode | Date last seen | Date last checked out | Copy number | Uniform Resource Identifier | Cost, replacement price | Koha item type | Public note |
|---|---|---|---|---|---|---|---|---|---|---|---|---|---|---|---|---|---|
| Dewey Decimal Classification | Taylor's Library-TU | Taylor's Library-TU | 21/12/2009 | 131.54 | 7 | 5000108885 | 12/12/2019 | 20/10/2010 | 1 | Floor 3, Shelf 6 , Side 2, TierNo 5, BayNo 2 | 131.54 | Main Collection | SHTEx,70004,03,AD |